Histoire scientifique et militaire de l'expedition française en Égypte / (رقم التسجيلة. 159310)
[ عرض عادي ]
| 000 -LEADER | |
|---|---|
| fixed length control field | 01073cam a22002534a 4500 |
| 008 - FIXED-LENGTH DATA ELEMENTS--GENERAL INFORMATION | |
| fixed length control field | 210328m18301834fr bcd 000 0 fre d |
| 040 ## - CATALOGING SOURCE | |
| Original cataloging agency | EG-GiCUC |
| Language of cataloging | fre |
| Transcribing agency | EG-GiCUC |
| 092 04 - LOCALLY ASSIGNED DEWEY CALL NUMBER (OCLC) | |
| Classification number | 940.2740223 |
| Item number | H67325 |
| Edition number | 21 |
| 099 ## - LOCAL FREE-TEXT CALL NUMBER (OCLC) | |
| Classification number | 04 |
| -- | 940.2740223 H67325 |
| 245 00 - TITLE STATEMENT | |
| Title | Histoire scientifique et militaire de l'expedition française en Égypte / |
| Statement of responsibility, etc. | A.J. Dénain |
| 260 ## - PUBLICATION, DISTRIBUTION, ETC. | |
| Place of publication, distribution, etc. | Paris : |
| Name of publisher, distributor, etc. | Dénain & Delamare, |
| Date of publication, distribution, etc. | 1830-1834 |
| 300 ## - PHYSICAL DESCRIPTION | |
| Extent | 2 v. (34 p.-160 pl.; 34 p .- [150 pl.] - 3 charts) : |
| Other physical details | charts, pl. ; |
| Dimensions | 27x35 cm |
| 500 ## - GENERAL NOTE | |
| General note | Contains: Map of Syria; Map of Lower Egypt; Map of Upper Egypt |
| 651 #0 - SUBJECT ADDED ENTRY--GEOGRAPHIC NAME | |
| Geographic name | Egypt |
| General subdivision | History |
| Chronological subdivision | French occupation, 1798-1801 |
| Form subdivision | Atlases |
| 651 #0 - SUBJECT ADDED ENTRY--GEOGRAPHIC NAME | |
| Geographic name | Egypt |
| General subdivision | History |
| Chronological subdivision | French occupation, 1798-1801 |
| Form subdivision | Maps |
| 651 #0 - SUBJECT ADDED ENTRY--GEOGRAPHIC NAME | |
| Geographic name | Syria |
| General subdivision | History |
| Chronological subdivision | French occupation, 1922-1943 |
| Form subdivision | Atlases |
| 651 #0 - SUBJECT ADDED ENTRY--GEOGRAPHIC NAME | |
| Geographic name | Syria |
| General subdivision | History |
| Chronological subdivision | French occupation, 1922-1943 |
| Form subdivision | Maps |
| 700 1# - ADDED ENTRY--PERSONAL NAME | |
| Personal name | Dénain, A.-J |
| 902 ## - LOCAL DATA ELEMENT B, LDB (RLIN) | |
| No. of Items | 1 |
| 905 ## - LOCAL DATA ELEMENT E, LDE (RLIN) | |
| Cataloger | Amro L. |
| Reviser | Cat. |
| 905 ## - LOCAL DATA ELEMENT E, LDE (RLIN) | |
| Cataloger | Jehan |
| Reviser | Rev. |
| 942 ## - ADDED ENTRY ELEMENTS (KOHA) | |
| Source of classification or shelving scheme | Dewey Decimal Classification |
| Koha item type | |
لا توجد مواد متاحة.